000
00177 a2200097 4500
041
_a
spa
100
_a
Anonimo
245
_a
Patos, Ganzos u Cisnes
942
_c
BK
952
_7
1
999
_c
17233
_d
17233